[Event "XVII Open Internacional Villa de Ibi"]
[Site "Ibi, Spain"]
[Date "2019.09.08"]
[Round "1.1"]
[White "Giaccio, Alfredo"]
[Black "Medina Cordero, Angel"]
[Result "1-0"]
[WhiteElo "2420"]
[BlackElo "1818"]
[PlyCount "79"]
[EventDate "2019.??.??"]

1. e4 {[%clk 00:15:01]  [%emt 00:00:03]} 1... e6 {
[%clk 00:15:01]  [%emt 00:00:13]} 2. d4 {[%clk 00:15:01]  [%emt 00:00:10]} 2...
d5 {[%clk 00:15:02]} 3. Nc3 {[%clk 00:15:00]} 3... dxe4 {[%clk 00:15:00]} 4.
Nxe4 {[%clk 00:14:59]} 4... Nf6 {[%clk 00:15:01]  [%emt 00:00:04]} 5. Nxf6+ {
[%clk 00:14:55]} 5... Qxf6 {[%clk 00:15:01]} 6. Nf3 {
[%clk 00:14:47]  [%emt 00:00:06]} 6... h6 {[%clk 00:15:02]  [%emt 00:00:03]} 7.
Bd3 {[%clk 00:14:36]  [%emt 00:00:20]} 7... c5 {
[%clk 00:14:55]  [%emt 00:00:12]} 8. O-O {[%clk 00:14:14]  [%emt 00:00:11]}
8... cxd4 {[%clk 00:14:42]  [%emt 00:00:32]} 9. Nxd4 {[%clk 00:14:03]} 9... Bc5
{[%clk 00:14:15]  [%emt 00:00:29]} 10. Nb5 {[%clk 00:13:43]  [%emt 00:00:31]}
10... Na6 {[%clk 00:13:31]  [%emt 00:00:59]} 11. Qe2 {
[%clk 00:12:40]  [%emt 00:00:58]} 11... O-O {[%clk 00:13:22]  [%emt 00:00:05]}
12. Qe4 {[%clk 00:12:27]  [%emt 00:00:08]} 12... Qf5 {
[%clk 00:12:54]  [%emt 00:00:26]} 13. Qh4 {[%clk 00:12:03]  [%emt 00:00:25]}
13... Qf6 {[%clk 00:12:30]  [%emt 00:00:26]} 14. Qxf6 {
[%clk 00:11:54]  [%emt 00:00:16]} 14... gxf6 {[%clk 00:12:31]} 15. Bxh6 {
[%clk 00:11:53]  [%emt 00:00:17]} 15... Rd8 {[%clk 00:12:29]  [%emt 00:00:03]}
16. a3 {[%clk 00:11:24]  [%emt 00:00:14]} 16... Bd7 {
[%clk 00:11:54]  [%emt 00:00:37]} 17. b4 {[%clk 00:10:30]  [%emt 00:01:03]}
17... Be7 {[%clk 00:10:41]  [%emt 00:01:08]} 18. Be3 {
[%clk 00:09:54]  [%emt 00:00:41]} 18... Bxb5 {[%clk 00:09:55]  [%emt 00:00:48]}
19. Bxb5 {[%clk 00:09:52]  [%emt 00:00:03]} 19... Nc7 {
[%clk 00:09:56]  [%emt 00:00:04]} 20. Bd3 {[%clk 00:08:30]  [%emt 00:01:20]}
20... Nd5 {[%clk 00:09:19]  [%emt 00:00:37]} 21. Bd2 {
[%clk 00:08:30]  [%emt 00:00:07]} 21... Bd6 {[%clk 00:08:59]  [%emt 00:00:20]}
22. c4 {[%clk 00:07:11]  [%emt 00:01:20]} 22... Nf4 {
[%clk 00:08:59]  [%emt 00:00:03]} 23. Be4 {[%clk 00:07:12]} 23... Ne2+ {
[%clk 00:07:18]  [%emt 00:01:42]} 24. Kh1 {[%clk 00:07:12]  [%emt 00:00:37]}
24... Rab8 {[%clk 00:07:13]} 25. Rae1 {[%clk 00:06:35]  [%emt 00:00:14]} 25...
Nd4 {[%clk 00:06:43]  [%emt 00:00:29]} 26. Be3 {
[%clk 00:06:29]  [%emt 00:00:26]} 26... Bc7 {[%clk 00:06:33]  [%emt 00:00:22]}
27. Rd1 {[%clk 00:06:08]} 27... Nc6 {[%clk 00:06:14]  [%emt 00:00:17]} 28. f4 {
[%clk 00:04:57]  [%emt 00:01:11]} 28... Bb6 {[%clk 00:03:32]  [%emt 00:02:47]}
29. c5 {[%clk 00:04:47]  [%emt 00:00:26]} 29... Bc7 {[%clk 00:03:33]} 30. g3 {
[%clk 00:04:35]  [%emt 00:00:20]} 30... Kf8 {[%clk 00:03:29]  [%emt 00:00:03]}
31. Kg2 {[%clk 00:04:25]} 31... Ke7 {[%clk 00:03:26]  [%emt 00:00:04]} 32. Kf2
{[%clk 00:04:01]  [%emt 00:00:20]} 32... f5 {[%clk 00:03:07]  [%emt 00:00:36]}
33. Bf3 {[%clk 00:03:56]} 33... a6 {[%clk 00:02:15]  [%emt 00:00:49]} 34. h4 {
[%clk 00:03:50]  [%emt 00:00:24]} 34... Na7 {[%clk 00:02:02]} 35. a4 {
[%clk 00:03:08]  [%emt 00:00:41]} 35... Kf6 {[%clk 00:01:37]  [%emt 00:00:27]}
36. Rxd8 {[%clk 00:02:58]  [%emt 00:00:13]} 36... Bxd8 {
[%clk 00:01:25]  [%emt 00:00:13]} 37. Bd4+ {[%clk 00:02:57]  [%emt 00:00:37]}
37... Kg6 {[%clk 00:01:20]} 38. Be5 {[%clk 00:02:57]} 38... Rc8 {
[%clk 00:00:25]  [%emt 00:00:31]} 39. Bxb7 {[%clk 00:02:55]  [%emt 00:00:34]}
39... f6 {[%clk 00:00:19]} 40. Bxc8 {[%clk 00:02:40]} 1-0

[Event "XVII Open Internacional Villa de Ibi"]
[Site "Ibi, Spain"]
[Date "2019.09.08"]
[Round "1.3"]
[White "Diez Machin, Vicente"]
[Black "Valmana Canto, Jaime"]
[Result "0-1"]
[WhiteElo "1813"]
[BlackElo "2416"]
[PlyCount "134"]
[EventDate "2019.??.??"]

1. e4 {[%clk 00:15:02]  [%emt 00:00:14]} 1... c5 {
[%clk 00:01:03]  [%emt 00:17:57]} 2. Nf3 {[%clk 00:15:03]} 2... Nc6 {
[%clk 00:01:05]} 3. d4 {[%clk 00:15:02]} 3... cxd4 {[%clk 00:01:06]} 4. Nxd4 {
[%clk 00:15:02]  [%emt 00:00:10]} 4... Nf6 {[%clk 00:01:07]} 5. Nc3 {
[%clk 00:15:02]} 5... e5 {[%clk 00:01:08]} 6. Ndb5 {
[%clk 00:14:54]  [%emt 00:00:07]} 6... d6 {[%clk 00:01:10]} 7. Nd5 {
[%clk 00:14:51]  [%emt 00:00:07]} 7... Nxd5 {[%clk 00:01:10]  [%emt 00:00:07]}
8. exd5 {[%clk 00:14:51]} 8... Ne7 {[%clk 00:01:12]} 9. c4 {[%clk 00:14:51]}
9... Ng6 {[%clk 00:01:12]} 10. Bd3 {[%clk 00:14:47]  [%emt 00:00:08]} 10... Be7
{[%clk 00:01:13]} 11. O-O {[%clk 00:14:45]  [%emt 00:00:21]} 11... O-O {
[%clk 00:01:14]} 12. Be3 {[%clk 00:14:41]} 12... a6 {[%clk 00:01:15]} 13. Nc3 {
[%clk 00:14:41]} 13... f5 {[%clk 00:01:17]} 14. f3 {[%clk 00:14:41]} 14... Bd7
{[%clk 00:01:17]  [%emt 00:00:05]} 15. Rc1 {[%clk 00:14:31]  [%emt 00:00:10]}
15... Bg5 {[%clk 00:01:13]  [%emt 00:00:07]} 16. Qd2 {[%clk 00:14:26]} 16...
Bxe3+ {[%clk 00:01:13]} 17. Qxe3 {[%clk 00:14:26]  [%emt 00:00:04]} 17... Rc8 {
[%clk 00:01:15]} 18. b4 {[%clk 00:14:24]  [%emt 00:00:03]} 18... e4 {
[%clk 00:01:11]  [%emt 00:00:03]} 19. Be2 {[%clk 00:13:46]  [%emt 00:00:39]}
19... Ne5 {[%clk 00:00:54]  [%emt 00:00:40]} 20. Qd4 {
[%clk 00:13:10]  [%emt 00:00:19]} 20... exf3 {[%clk 00:00:49]  [%emt 00:00:05]}
21. Bxf3 {[%clk 00:13:00]  [%emt 00:00:33]} 21... Rxc4 {
[%clk 00:00:48]  [%emt 00:00:06]} 22. Qd2 {[%clk 00:12:48]} 22... Qb6+ {
[%clk 00:00:47]} 23. Kh1 {[%clk 00:12:47]  [%emt 00:00:05]} 23... Qxb4 {
[%clk 00:00:49]} 24. Nb1 {[%clk 00:12:07]  [%emt 00:00:48]} 24... Qxd2 {
[%clk 00:00:46]  [%emt 00:00:17]} 25. Nxd2 {[%clk 00:12:07]} 25... Rxc1 {
[%clk 00:00:43]} 26. Rxc1 {[%clk 00:12:07]} 26... Rc8 {[%clk 00:00:44]} 27.
Rxc8+ {[%clk 00:11:38]  [%emt 00:00:17]} 27... Bxc8 {
[%clk 00:00:45]  [%emt 00:00:21]} 28. Be2 {[%clk 00:11:36]} 28... Bd7 {
[%clk 00:00:47]  [%emt 00:00:04]} 29. Kg1 {[%clk 00:11:33]} 29... Kf7 {
[%clk 00:00:48]} 30. Kf2 {[%clk 00:11:33]} 30... Kf6 {[%clk 00:00:50]} 31. Ke3
{[%clk 00:11:30]} 31... g5 {[%clk 00:00:50]} 32. g3 {
[%clk 00:11:28]  [%emt 00:00:03]} 32... h6 {[%clk 00:00:51]} 33. Nb3 {
[%clk 00:10:54]  [%emt 00:00:30]} 33... Be8 {[%clk 00:00:47]  [%emt 00:00:32]}
34. Kd4 {[%clk 00:10:35]  [%emt 00:00:04]} 34... Nd7 {
[%clk 00:00:44]  [%emt 00:00:17]} 35. Na5 {[%clk 00:10:16]  [%emt 00:00:12]}
35... Nc5 {[%clk 00:00:45]} 36. Nc4 {[%clk 00:10:15]} 36... Ke7 {
[%clk 00:00:44]} 37. Nb6 {[%clk 00:10:03]  [%emt 00:00:12]} 37... Kd8 {
[%clk 00:00:29]  [%emt 00:00:25]} 38. Bd1 {[%clk 00:09:43]  [%emt 00:00:12]}
38... Kc7 {[%clk 00:00:30]  [%emt 00:00:33]} 39. Nc4 {[%clk 00:09:44]} 39... f4
{[%clk 00:00:25]  [%emt 00:00:03]} 40. gxf4 {[%clk 00:08:31]  [%emt 00:00:49]}
40... gxf4 {[%clk 00:00:26]} 41. Nd2 {[%clk 00:07:24]  [%emt 00:01:09]} 41...
b5 {[%clk 00:00:26]  [%emt 00:00:04]} 42. Bc2 {[%clk 00:07:09]  [%emt 00:00:15]
} 42... a5 {[%clk 00:00:27]} 43. h4 {[%clk 00:04:08]  [%emt 00:03:03]} 43...
Bh5 {[%clk 00:00:28]  [%emt 00:00:07]} 44. Bf5 {
[%clk 00:03:09]  [%emt 00:00:55]} 44... b4 {[%clk 00:00:29]  [%emt 00:00:10]}
45. Bc2 {[%clk 00:03:10]} 45... a4 {[%clk 00:00:29]} 46. Kc4 {
[%clk 00:03:06]  [%emt 00:00:19]} 46... Na6 {[%clk 00:00:30]  [%emt 00:00:03]}
47. Be4 {[%clk 00:03:01]} 47... Be2+ {[%clk 00:00:30]} 48. Kd4 {[%clk 00:03:01]
} 48... Nc5 {[%clk 00:00:31]} 49. Bc2 {[%clk 00:02:58]} 49... Kb6 {
[%clk 00:00:29]  [%emt 00:00:03]} 50. Nc4+ {[%clk 00:02:43]  [%emt 00:00:14]}
50... Bxc4 {[%clk 00:00:30]  [%emt 00:00:07]} 51. Kxc4 {[%clk 00:02:44]} 51...
f3 {[%clk 00:00:31]  [%emt 00:00:04]} 52. Bd1 {[%clk 00:02:45]} 52... f2 {
[%clk 00:00:31]} 53. Be2 {[%clk 00:02:47]} 53... b3 {[%clk 00:00:32]} 54. axb3
axb3 {[%clk 00:00:33]} 55. Kc3 {[%clk 00:02:47]  [%emt 00:00:08]} 55... Ne4+ {
[%clk 00:00:28]} 56. Kxb3 {[%clk 00:02:44]  [%emt 00:00:04]} 56... f1=Q {
[%clk 00:00:20]  [%emt 00:00:10]} 57. Bxf1 {[%clk 00:02:44]  [%emt 00:00:03]}
57... Nd2+ {[%clk 00:00:20]  [%emt 00:00:19]} 58. Kc3 {[%clk 00:02:42]} 58...
Nxf1 {[%clk 00:00:21]} 59. Kd3 {[%clk 00:02:40]} 59... Kc5 {[%clk 00:00:21]}
60. Ke4 {[%clk 00:02:40]} 60... Ng3+ {[%clk 00:00:19]  [%emt 00:00:03]} 61. Kf4
{[%clk 00:02:40]} 61... Kxd5 {[%clk 00:00:19]} 62. Kxg3 {
[%clk 00:02:41]  [%emt 00:00:03]} 62... Ke4 {[%clk 00:00:20]} 63. Kg4 {
[%clk 00:02:42]} 63... d5 {[%clk 00:00:21]} 64. Kh5 {[%clk 00:02:44]} 64... d4
{[%clk 00:00:23]} 65. Kxh6 {[%clk 00:02:44]  [%emt 00:00:15]} 65... d3 {
[%clk 00:00:24]  [%emt 00:00:03]} 66. Kg7 {[%clk 00:02:43]} 66... d2 {
[%clk 00:00:24]} 67. h5 {[%clk 00:02:45]} 67... d1=Q 0-1

[Event "XVII Open Internacional Villa de Ibi"]
[Site "Ibi, Spain"]
[Date "2019.09.08"]
[Round "1.4"]
[White "Plaskett, H James"]
[Black "Pujante Martinez, Rafael"]
[Result "1-0"]
[WhiteElo "2415"]
[BlackElo "1810"]
[PlyCount "110"]
[EventDate "2019.??.??"]

1. e4 {[%clk 00:01:39]  [%emt 00:13:25]} 1... e6 {
[%clk 00:14:57]  [%emt 00:00:34]} 2. d4 {[%clk 00:01:39]} 2... d5 {
[%clk 00:14:57]} 3. Nd2 {[%clk 00:01:40]} 3... h6 {[%clk 00:14:56]} 4. Ngf3 {
[%clk 00:01:40]  [%emt 00:00:05]} 4... Nf6 {[%clk 00:14:56]} 5. Bd3 {
[%clk 00:01:40]} 5... c5 {[%clk 00:14:37]  [%emt 00:00:10]} 6. e5 {
[%clk 00:01:41]} 6... Nfd7 {[%clk 00:14:37]} 7. c3 {[%clk 00:01:43]} 7... Nc6 {
[%clk 00:14:33]  [%emt 00:00:07]} 8. O-O {[%clk 00:01:42]  [%emt 00:00:12]}
8... g5 {[%clk 00:14:13]  [%emt 00:00:11]} 9. h3 {
[%clk 00:01:37]  [%emt 00:00:06]} 9... h5 {[%clk 00:13:52]  [%emt 00:00:21]}
10. Re1 {[%clk 00:01:38]  [%emt 00:00:31]} 10... g4 {
[%clk 00:13:12]  [%emt 00:00:15]} 11. hxg4 {[%clk 00:01:39]  [%emt 00:00:14]}
11... hxg4 {[%clk 00:13:13]} 12. Nh2 {[%clk 00:01:40]} 12... Qh4 {
[%clk 00:12:11]  [%emt 00:00:51]} 13. Ndf1 {[%clk 00:01:41]} 13... cxd4 {
[%clk 00:11:36]  [%emt 00:00:42]} 14. cxd4 {[%clk 00:01:41]  [%emt 00:00:03]}
14... Nxd4 {[%clk 00:10:40]  [%emt 00:00:55]} 15. Qxg4 {
[%clk 00:01:39]  [%emt 00:00:03]} 15... Bb4 {[%clk 00:09:48]  [%emt 00:00:53]}
16. Qxh4 {[%clk 00:01:24]  [%emt 00:00:32]} 16... Rxh4 {[%clk 00:09:48]} 17.
Bd2 {[%clk 00:01:23]} 17... Bxd2 {[%clk 00:09:16]  [%emt 00:00:24]} 18. Nxd2 {
[%emt 00:00:11]} 18... Nc5 {[%clk 00:09:02]  [%emt 00:00:06]} 19. Nhf3 {
[%clk 00:01:16]  [%emt 00:00:14]} 19... Nxf3+ {[%clk 00:07:00]  [%emt 00:01:59]
} 20. Nxf3 {[%clk 00:01:17]  [%emt 00:00:06]} 20... Nxd3 {[%clk 00:07:01]} 21.
Nxh4 {[%clk 00:01:18]} 21... Nxe1 {[%clk 00:07:02]} 22. Rxe1 {[%clk 00:01:19]}
22... Bd7 {[%clk 00:06:46]  [%emt 00:00:18]} 23. Nf3 {[%clk 00:01:20]} 23...
Rc8 {[%clk 00:06:40]  [%emt 00:00:44]} 24. Nd4 {[%clk 00:01:21]} 24... Ke7 {
[%clk 00:06:35]} 25. f4 {[%clk 00:01:16]} 25... Rc4 {
[%clk 00:04:22]  [%emt 00:01:55]} 26. Rd1 {[%clk 00:01:17]} 26... f6 {
[%clk 00:03:45]  [%emt 00:00:39]} 27. Kf2 {[%clk 00:01:18]  [%emt 00:00:29]}
27... Be8 {[%clk 00:03:21]} 28. Ke3 {[%clk 00:01:11]  [%emt 00:00:12]} 28...
Bh5 {[%clk 00:03:10]  [%emt 00:00:08]} 29. Rh1 {[%clk 00:01:12]} 29... Bg6 {
[%clk 00:02:56]  [%emt 00:00:28]} 30. Rh8 {[%clk 00:01:06]} 30... fxe5 {
[%clk 00:02:51]  [%emt 00:00:10]} 31. fxe5 {[%clk 00:01:07]} 31... Rc1 {
[%clk 00:02:44]  [%emt 00:00:07]} 32. Rb8 {[%clk 00:01:01]  [%emt 00:00:09]}
32... Re1+ {[%clk 00:02:26]  [%emt 00:00:16]} 33. Kd2 {
[%clk 00:00:58]  [%emt 00:00:13]} 33... Rxe5 {[%clk 00:02:13]  [%emt 00:00:15]}
34. Rxb7+ {[%clk 00:01:00]} 34... Kf6 {[%clk 00:02:05]  [%emt 00:00:09]} 35.
Rxa7 {[%clk 00:01:00]  [%emt 00:00:04]} 35... Rg5 {[%clk 00:02:04]} 36. b4 {
[%clk 00:00:51]  [%emt 00:00:07]} 36... Rxg2+ {[%clk 00:02:04]  [%emt 00:00:05]
} 37. Ke3 {[%clk 00:00:53]} 37... Rg3+ {[%clk 00:01:53]  [%emt 00:00:11]} 38.
Kf2 {[%clk 00:00:53]  [%emt 00:00:03]} 38... Rd3 {
[%clk 00:01:50]  [%emt 00:00:03]} 39. Nf3 {[%clk 00:00:53]  [%emt 00:00:05]}
39... Be4 {[%clk 00:01:37]  [%emt 00:00:13]} 40. Ne1 {[%clk 00:00:54]} 40...
Rd2+ {[%clk 00:01:29]  [%emt 00:00:09]} 41. Ke3 {
[%clk 00:00:55]  [%emt 00:00:12]} 41... Rb2 {[%clk 00:01:29]  [%emt 00:00:04]}
42. a3 {[%clk 00:00:49]} 42... Ke5 {[%clk 00:01:29]} 43. Nd3+ {
[%clk 00:00:47]  [%emt 00:00:06]} 43... Bxd3 {[%clk 00:01:21]  [%emt 00:00:05]}
44. Kxd3 {[%clk 00:00:49]  [%emt 00:00:08]} 44... Rb3+ {
[%clk 00:00:46]  [%emt 00:00:31]} 45. Kc2 {[%clk 00:00:49]  [%emt 00:00:03]}
45... Rh3 {[%emt 00:00:05]} 46. b5 Kd6 {[%clk 00:00:17]  [%emt 00:00:24]} 47.
a4 {[%clk 00:00:52]} 47... Kc5 {[%clk 00:00:16]  [%emt 00:00:32]} 48. Rc7+ {
[%clk 00:00:50]} 48... Kb6 {[%clk 00:00:10]  [%emt 00:00:03]} 49. Rc6+ {
[%clk 00:00:51]} 49... Ka5 {[%clk 00:00:10]} 50. Ra6+ {[%clk 00:00:51]} 50...
Kb4 {[%clk 00:00:10]} 51. b6 {[%clk 00:00:52]} 51... Rh7 {[%clk 00:00:11]} 52.
Ra7 {[%clk 00:00:53]  [%emt 00:00:03]} 52... Rh2+ {[%clk 00:00:03]} 53. Kd3 {
[%clk 00:00:54]} 53... Rh3+ {[%clk 00:00:05]} 54. Kd4 {[%clk 00:00:55]} 54...
e5+ {[%clk 00:00:03]  [%emt 00:00:07]} 55. Kxd5 {
[%clk 00:00:56]  [%emt 00:00:04]} 55... Rd3+ 1-0

[Event "XVII Open Internacional Villa de Ibi"]
[Site "Ibi, Spain"]
[Date "2019.09.08"]
[Round "1.5"]
[White "Gimeno Valle, Carlos"]
[Black "Campos Gambuti, Luis Maria"]
[Result "0-1"]
[WhiteElo "1809"]
[BlackElo "2373"]
[PlyCount "60"]
[EventDate "2019.??.??"]

1. e4 {[%clk 00:15:02]} 1... d5 {[%clk 00:15:03]  [%emt 00:00:06]} 2. exd5 {
[%clk 00:15:02]  [%emt 00:00:05]} 2... Qxd5 {[%clk 00:15:04]} 3. d4 {
[%clk 00:15:02]} 3... e5 {[%clk 00:15:05]} 4. Nf3 {
[%clk 00:13:05]  [%emt 00:01:58]} 4... Nc6 {[%clk 00:15:06]} 5. Nc3 {
[%clk 00:11:59]  [%emt 00:01:09]} 5... Bb4 {[%clk 00:15:04]  [%emt 00:00:04]}
6. Bd2 {[%clk 00:11:54]  [%emt 00:00:08]} 6... Bxc3 {[%clk 00:15:04]} 7. Bxc3 {
[%clk 00:11:48]  [%emt 00:00:11]} 7... e4 {[%clk 00:15:05]} 8. Ne5 {
[%clk 00:11:18]  [%emt 00:00:31]} 8... Nxe5 {[%clk 00:15:05]  [%emt 00:00:06]}
9. dxe5 {[%clk 00:11:19]} 9... Ne7 {[%clk 00:15:06]} 10. Be2 {
[%clk 00:10:51]  [%emt 00:00:29]} 10... Bf5 {[%clk 00:15:06]} 11. O-O {
[%clk 00:10:29]  [%emt 00:00:25]} 11... O-O {[%clk 00:15:05]  [%emt 00:00:06]}
12. Qxd5 {[%clk 00:08:30]  [%emt 00:01:58]} 12... Nxd5 {[%clk 00:15:06]} 13.
Bd4 {[%clk 00:08:31]  [%emt 00:00:05]} 13... Rfe8 {
[%clk 00:14:41]  [%emt 00:00:40]} 14. Bc4 {[%clk 00:07:19]  [%emt 00:00:59]}
14... Nf4 {[%clk 00:14:41]} 15. Rfe1 {[%clk 00:06:13]  [%emt 00:01:09]} 15...
Ng6 {[%clk 00:14:21]  [%emt 00:00:29]} 16. Bd5 {
[%clk 00:04:35]  [%emt 00:01:34]} 16... Rad8 {[%clk 00:13:18]  [%emt 00:01:34]}
17. Bxe4 {[%clk 00:04:34]} 17... Rxd4 {[%clk 00:12:47]  [%emt 00:00:09]} 18.
Bxf5 {[%clk 00:04:34]} 18... Rxe5 {[%clk 00:12:44]  [%emt 00:00:21]} 19. Rxe5 {
[%clk 00:04:28]} 19... Nxe5 {[%clk 00:12:44]} 20. Re1 {
[%clk 00:04:12]  [%emt 00:00:12]} 20... Kf8 {[%clk 00:12:33]  [%emt 00:00:12]}
21. b3 {[%clk 00:03:02]  [%emt 00:01:16]} 21... g6 {
[%clk 00:11:52]  [%emt 00:00:40]} 22. Be4 {[%clk 00:02:53]  [%emt 00:00:10]}
22... b6 {[%clk 00:11:48]  [%emt 00:00:05]} 23. f4 {
[%clk 00:02:05]  [%emt 00:00:51]} 23... Nd7 {[%clk 00:11:42]  [%emt 00:00:09]}
24. g3 {[%emt 00:00:33]} 24... Rd2 {[%emt 00:00:15]} 25. b4 {
[%clk 00:00:28]  [%emt 00:00:52]} 25... Nf6 {[%clk 00:11:14]  [%emt 00:00:36]}
26. Bd3 {[%clk 00:00:19]  [%emt 00:00:10]} 26... Nd5 {[%clk 00:11:15]} 27. a3 {
[%clk 00:00:20]} 27... Nc3 {[%clk 00:10:55]  [%emt 00:00:22]} 28. h3 {
[%clk 00:00:13]  [%emt 00:00:16]} 28... h5 {[%clk 00:10:39]  [%emt 00:00:10]}
29. g4 {[%clk 00:00:10]  [%emt 00:00:05]} 29... h4 {
[%clk 00:10:39]  [%emt 00:00:06]} 30. f5 {[%clk 00:00:05]  [%emt 00:00:07]}
30... g5 {[%clk 00:10:29]  [%emt 00:00:09]  Bandera} 0-1

[Event "XVII Open Internacional Villa de Ibi"]
[Site "Ibi, Spain"]
[Date "2019.09.08"]
[Round "1.6"]
[White "Diaz Velandia, Jose Manuel"]
[Black "Munoz Galdos, Carlos"]
[Result "1-0"]
[WhiteElo "2372"]
[BlackElo "1804"]
[PlyCount "73"]
[EventDate "2019.??.??"]

1. d4 {[%clk 00:15:01]} 1... Nf6 {[%clk 00:15:03]} 2. Nf3 {[%clk 00:15:01]}
2... g6 {[%clk 00:15:04]  [%emt 00:00:08]} 3. e3 {[%clk 00:14:57]} 3... Bg7 {
[%clk 00:15:04]} 4. Bd3 {[%clk 00:14:57]} 4... O-O {[%clk 00:15:04]} 5. O-O {
[%clk 00:14:54]} 5... c5 {[%clk 00:15:04]  [%emt 00:00:03]} 6. c3 {
[%clk 00:14:55]} 6... cxd4 {[%clk 00:15:04]  [%emt 00:00:03]} 7. exd4 {
[%clk 00:14:56]} 7... b6 {[%clk 00:14:44]  [%emt 00:00:23]} 8. Re1 {
[%clk 00:14:56]  [%emt 00:00:03]} 8... Ba6 {[%clk 00:13:42]  [%emt 00:01:03]}
9. Bxa6 {[%clk 00:14:53]  [%emt 00:00:06]} 9... Nxa6 {[%clk 00:13:42]} 10. Qe2
{[%clk 00:14:52]  [%emt 00:00:10]} 10... Nc7 {[%clk 00:13:09]  [%emt 00:00:27]}
11. Qxe7 {[%clk 00:13:40]  [%emt 00:01:19]} 11... Qc8 {
[%clk 00:11:50]  [%emt 00:01:38]} 12. Qe2 {[%clk 00:13:33]} 12... Ne6 {
[%clk 00:11:32]  [%emt 00:00:13]} 13. Na3 {[%clk 00:13:29]} 13... Nd5 {
[%clk 00:11:06]  [%emt 00:00:36]} 14. Qe4 {[%clk 00:13:06]  [%emt 00:00:17]}
14... Nf6 {[%clk 00:10:14]  [%emt 00:00:56]} 15. Qh4 {
[%clk 00:13:04]  [%emt 00:00:11]} 15... d5 {[%clk 00:08:36]  [%emt 00:01:29]}
16. Bh6 {[%clk 00:12:44]  [%emt 00:00:25]} 16... Nh5 {
[%clk 00:08:34]  [%emt 00:00:13]} 17. Bxg7 {[%clk 00:12:38]} 17... Nhxg7 {
[%clk 00:08:28]  [%emt 00:00:07]} 18. Ng5 {[%clk 00:12:25]  [%emt 00:00:12]}
18... Nxg5 {[%clk 00:07:29]  [%emt 00:01:03]} 19. Qxg5 {
[%clk 00:12:25]  [%emt 00:00:03]} 19... Qc6 {[%clk 00:06:30]  [%emt 00:01:00]}
20. Nc2 {[%clk 00:11:59]  [%emt 00:00:28]} 20... Rfe8 {
[%clk 00:06:22]  [%emt 00:00:24]} 21. Nb4 {[%clk 00:11:35]  [%emt 00:00:22]}
21... Qd7 {[%clk 00:05:00]  [%emt 00:01:12]} 22. Nxd5 {
[%clk 00:10:41]  [%emt 00:01:03]} 22... Rxe1+ {[%clk 00:04:20]  [%emt 00:00:46]
} 23. Rxe1 {[%clk 00:10:40]  [%emt 00:00:10]} 23... Qd6 {
[%clk 00:03:44]  [%emt 00:00:22]} 24. Nf6+ {[%clk 00:09:50]  [%emt 00:00:54]}
24... Kh8 {[%clk 00:03:36]  [%emt 00:00:06]} 25. Ng4 {
[%clk 00:09:33]  [%emt 00:00:20]} 25... Re8 {[%clk 00:02:37]  [%emt 00:01:04]}
26. Rxe8+ {[%clk 00:09:28]  [%emt 00:00:09]} 26... Nxe8 {[%clk 00:02:38]} 27.
Qe5+ {[%clk 00:09:24]  [%emt 00:00:08]} 27... Qxe5 {[%clk 00:02:38]} 28. Nxe5 {
[%clk 00:09:24]} 28... Kg7 {[%clk 00:02:36]  [%emt 00:00:11]} 29. Kf1 {
[%clk 00:09:18]  [%emt 00:00:09]} 29... Nd6 {[%clk 00:02:32]} 30. Ke2 {
[%clk 00:09:12]  [%emt 00:00:05]} 30... f5 {[%clk 00:02:08]  [%emt 00:00:27]}
31. Kd3 {[%clk 00:09:06]  [%emt 00:00:08]} 31... Kf6 {
[%clk 00:01:58]  [%emt 00:00:44]} 32. a4 {[%clk 00:09:01]} 32... Ke6 {
[%clk 00:01:49]  [%emt 00:00:13]} 33. f3 {[%clk 00:08:37]} 33... g5 {
[%clk 00:01:45]  [%emt 00:00:05]} 34. b4 {[%clk 00:08:30]  [%emt 00:00:11]}
34... h5 {[%clk 00:01:45]  [%emt 00:00:03]} 35. b5 {
[%clk 00:08:22]  [%emt 00:00:25]} 35... g4 {[%clk 00:01:43]} 36. c4 {
[%clk 00:08:13]  [%emt 00:00:09]} 36... Nb7 {[%clk 00:01:20]  [%emt 00:00:10]}
37. Nc6 {[%clk 00:08:01]  [%emt 00:00:41]} 1-0